• 首页
  • 本馆介绍
  • 公告通知
  • 最新文献
  • 馆藏检索
  • 电子资源
  • 读者导购
  • 参考咨询
  • 我的图书馆
  • 登录
  • 详细信息显示
  • 放入我的书架
  • 预约/预借图书
  • 作者相关作品
  • 分类相关作品
  • 丛书相关作品
  • 出版社相关作品

书目信息

  • 表格格式
  • 工作单格式
  • 卡片格式
题名:
咏春搏击功夫绝技
    
 
作者: 舒建臣 著
分册:  
出版信息: 沈阳   辽宁科学技术出版社  2021.6
页数: 22,515页
开本: 24cm
丛书名:
单 册:
中图分类: G852.13
科图分类:
主题词: 南拳--基本知识
电子资源:
ISBN: 978-7-5591-1803-5
000 01136nam0 2200229 45
001 012001002905
005 20141204105658.0
010    @a978-7-5591-1803-5@dCNY88.00
100    @a20220905d2021 em y0chiy50 ea
101 0  @achi
102    @aCN@b210000
105    @aa z 000yy
106    @ar
200 1  @a咏春搏击功夫绝技@Ayong chun bo ji gong fu jue ji@f舒建臣著
210    @a沈阳@c辽宁科学技术出版社@d2021.6
215    @a22,515页@c图@d24cm
330    @a为了帮助人们认识咏春拳这一搏击格斗综合技艺,我们从多方面研究,以期编辑一本简明实用的咏春拳综合搏击格斗手册。从蛇鹤相斗衍生古咏春手搏术,再衍生演化的咏春拳,注重发挥人体的各项体能,人体和任何部位皆是攻击的目标,除了踢、打、摔、拿四种基本的技法外,还包括许多诸如头顶、膝撞、肘击、口咬、抓捏、标眼、击阴、折臂、断指、锁脖等综合动作、招数。这些动作虽仿蛇、鹤等所属粗犷、凶猛物象,但用于战场拼杀也不为过。如今保留了这些古传和现代的咏春三套拳法隐藏着的咏春综合格斗以及内功、外功功法内容,目的是使这些原生的技艺继续传承下去。
606 0  @a南拳@x基本知识
690    @aG852.13@v5
701  0 @a舒建臣@Ashu jian chen@4著
801  0 @aCN@bAHXH@c20221111
905    @b1373737-41@dG852.13@e580@f5
    
    咏春搏击功夫绝技/舒建臣著.-沈阳:辽宁科学技术出版社,2021.6
    22,515页:图;24cm
    
    
    ISBN 978-7-5591-1803-5:CNY88.00
    为了帮助人们认识咏春拳这一搏击格斗综合技艺,我们从多方面研究,以期编辑一本简明实用的咏春拳综合搏击格斗手册。从蛇鹤相斗衍生古咏春手搏术,再衍生演化的咏春拳,注重发挥人体的各项体能,人体和任何部位皆是攻击的目标,除了踢、打、摔、拿四种基本的技法外,还包括许多诸如头顶、膝撞、肘击、口咬、抓捏、标眼、击阴、折臂、断指、锁脖等综合动作、招数。这些动作虽仿蛇、鹤等所属粗犷、凶猛物象,但用于战场拼杀也不为过。如今保留了这些古传和现代的咏春三套拳法隐藏着的咏春综合格斗以及内功、外功功法内容,目的是使这些原生的技艺继续传承下去。
●
相关链接 在E读中查询图书 在五车中查询图书 在当当中查询图书 在豆瓣中查询图书


正题名:咏春搏击功夫绝技     索取号:G852.13/580         预约/预借

序号 登录号 条形码 馆藏地/架位号 状态 备注
1 1373737   213737376   第一样本阅览室/ [索取号:G852.13/580] 在馆    
2 1373738   213737385   教育系资料室/ [索取号:G852.13/580] 在馆    
3 1373739   213737394   教育系资料室/ [索取号:G852.13/580] 在馆    
4 1373740   213737401   第四借阅区/ [索取号:G852.13/580] 在馆    
5 1373741   213737410   第四借阅区/ [索取号:G852.13/580] 在馆    
唐山师范学院图书馆 欢迎您!
大连网信软件有限公司© 版权所有